000 00513nam a2200181Ia 4500
001 19510
005 20260306172658.0
008 260306t2018||||xx |||||||||||||| ||spa||
041 _aESP
082 _a340.1
_bB141 T. 7
100 _aCórdova Schaefer, Jesús
_eAUT
245 0 _aEl convenio arbitral:
_bprincipios, vinculación a los no-signatarios y transmisión del acuerdo arbitral
260 _c2018
300 _a303 páginas :
_c25 cm.
650 _aGEN
654 _aCDE
942 _cLIB
_dJUS
_fJUS
_2ddc
_n
999 _c19510
_d19510